000 00292nam a2200121Ia 4500
005 20251222143128.0
008 251222s9999||||xx |||||||||||||| ||spa||
082 _a616.904/C71
100 _aCluff, Leighton E.
245 0 _aEnfermedades Infecciosas
264 _bInteramericana
942 _cLIB
999 _c11821
_d11821